Blue sisters : (Record no. 5123)

MARC details
000 -CABECERA
campo de control de longitud fija 01934nam a22002177a 4500
008 - DATOS DE LONGITUD FIJA--INFORMACIÓN GENERAL
campo de control de longitud fija 251029b |||||||| |||| 00| 0 eng d
020 ## - NÚMERO INTERNACIONAL ESTÁNDAR DEL LIBRO
Número Internacional Estándar del Libro 9798217091508
040 ## - FUENTE DE LA CATALOGACIÓN
Centro/agencia transcriptor TBS
041 ## - CÓDIGO DE LENGUA
Código de lengua del texto/banda sonora o título independiente eng
050 ## - SIGNATURA TOPOGRÁFICA DE LA BIBLIOTECA DEL CONGRESO
Número de clasificación PR6113.E473
Número de documento/Ítem B59 2024
100 ## - ENTRADA PRINCIPAL--NOMBRE DE PERSONA
Nombre de persona Mellors, Coco
9 (RLIN) 25452
Término indicativo de función/relación author
245 ## - MENCIÓN DE TÍTULO
Título Blue sisters :
Mención de responsabilidad, etc. / Coco Mellors.
260 ## - PUBLICACIÓN, DISTRIBUCIÓN, ETC.
Lugar de publicación, distribución, etc. New York, NY :
Nombre del editor, distribuidor, etc. Ballantine Books,
Fecha de publicación, distribución, etc. 2024.
300 ## - DESCRIPCIÓN FÍSICA
Extensión 342 pages ;
Dimensiones 21 cm.
520 ## - SUMARIO, ETC.
Sumario, etc. Three estranged siblings return to their family home in New York after their beloved sister's death in this unforgettable story of grief, identity, and the complexities of family, from the acclaimed author of Cleopatra and Frankenstein. The three Blue sisters are exceptional -- and exceptionally different. Avery, the eldest and a recovering heroin addict turned strait-laced lawyer, lives with her wife in London; Bonnie, a former boxer, works as a bouncer in Los Angeles following a devastating defeat; and Lucky, the youngest, models in Paris while trying to outrun her hard-partying ways. They also had a fourth sister, Nicky, whose unexpected death left Avery, Bonnie, and Lucky reeling. A year later, as they each navigate grief, addiction, and ambition, they find they must return to New York to stop the sale of the apartment they were raised in. But coming home is never as easy as it seems. As the sisters reckon with the disappointments of their childhood and the loss of the only person who held them together, they realize that the greatest secrets they've been keeping might not have been from each other, but from themselves. Imbued with Coco Mellors's signature combination of humor and heart, Blue Sisters is a story of what it takes to keep living after loss -- and, ultimately, to fall in love with life again.
650 #0 - PUNTO DE ACCESO ADICIONAL DE MATERIA--TÉRMINO DE MATERIA
Término de materia o nombre geográfico como elemento de entrada Estranged families
Subdivisión de forma Fiction
9 (RLIN) 26381
650 #0 - PUNTO DE ACCESO ADICIONAL DE MATERIA--TÉRMINO DE MATERIA
Término de materia o nombre geográfico como elemento de entrada Grief
Subdivisión de forma Fiction
9 (RLIN) 24357
650 #0 - PUNTO DE ACCESO ADICIONAL DE MATERIA--TÉRMINO DE MATERIA
Término de materia o nombre geográfico como elemento de entrada Home
Subdivisión de forma Fiction
9 (RLIN) 26382
650 #0 - PUNTO DE ACCESO ADICIONAL DE MATERIA--TÉRMINO DE MATERIA
Término de materia o nombre geográfico como elemento de entrada Sisters
Subdivisión de forma Fiction
9 (RLIN) 22940
942 ## - ELEMENTOS DE ENTRADA AGREGADA (KOHA)
Fuente del sistema de clasificación o colocación Clasificación de Library of Congress
Holdings
Estado de retiro Estado de pérdida Fuente del sistema de clasificación o colocación Estado dañado No para préstamo Biblioteca de origen Biblioteca actual Fecha de adquisición Total de préstamos Signatura topográfica completa Código de barras Fecha visto por última vez Número de copia Precio válido a partir de Tipo de ítem Koha
    Clasificación de Library of Congress     TBS Barcelona TBS Barcelona 29/10/2025   P-EN MEL B05679 29/10/2025 1 29/10/2025 Book

Powered by Koha